100 Biggest Cities of the Philippines on a Map - Statistics

General Stats
  • This quiz has been taken 357 times
  • The average score is 26 of 100
Answers on the Map
Answers color-coded by a green-red scale on the quiz's map according to % correct below.
 
Answer Stats
Population City % Correct
1,846,513 Manila
96%
890,410 Cebu
88%
2,960,048 Quezon City
86%
1,436,085 Davao
84%
462,928 Angeles
61%
689,840 Zamboanga
59%
217,077 Puerto Princesa
58%
646,172 General Santos
57%
692,123 Cagayan de Oro
55%
1,661,584 Caloocan
47%
366,358 Baguio
46%
457,626 Iloilo
44%
886,722 Taguig
43%
592,704 Bacolod
42%
629,616 Makati
40%
803,159 Pasig
40%
275,685 Batangas
37%
354,666 San Fernando
36%
714,978 Valenzuela
36%
879,301 Antipolo
35%
440,656 Pasay
33%
171,520 Legazpi
32%
152,728 Roxas
32%
251,881 Tacloban
31%
137,266 Jolo
30%
458,082 Lapu-Lapu
30%
606,293 Las Piñas
30%
425,758 Mandaluyong
30%
271,455 Tarlac
30%
134,103 Dumaguete
28%
689,992 Parañaque
28%
126,347 San Juan del Monte
28%
136,307 Tuguegarao
28%
233,151 Butuan
27%
286,593 Cotabato
27%
174,302 Dagupan
27%
380,522 Malabon
27%
456,059 Marikina
27%
543,445 Muntinlupa
27%
199,200 Naga
27%
120,893 Santiago
27%
703,141 Dasmariñas
26%
310,577 Iligan
25%
347,077 Lipa
25%
247,543 Navotas
25%
260,317 Olongapo
25%
532,457 Calamba
24%
664,625 Bacoor
23%
225,251 Cabanatuan
23%
261,558 Lucena
23%
634,650 San Jose del Monte
23%
326,001 San Pedro
23%
414,812 Santa Rosa
23%
121,879 Dipolog
22%
364,116 Mandaue
22%
244,518 San Pablo
21%
267,643 Tagum
21%
496,794 Imus
20%
187,859 Marawi
20%
407,437 Biñan
19%
150,372 Digos
19%
450,583 General Trias
19%
254,056 Malolos
19%
163,921 Pagadian
19%
289,820 Santa Maria
19%
128,997 Koronadal
17%
424,811 Rodriguez
16%
116,711 Santa Cruz
16%
189,695 Santo Tomas
16%
168,470 Baliwag
15%
287,955 Mabalacat
15%
267,649 San Mateo
15%
254,217 Talisay
15%
386,451 Taytay
15%
376,933 Cainta
14%
225,673 Meycauayan
14%
210,503 Trece Martires
14%
351,711 Cabuyao
13%
127,790 La Trinidad
13%
114,646 Los Baños
13%
143,296 Panabo
13%
247,194 Silang
13%
130,827 Mariveles
12%
141,412 Bocaue
11%
254,453 Marilao
11%
162,865 Tanauan
11%
130,494 Angono
10%
286,259 Binangonan
10%
128,893 Guagua
10%
113,415 Guiguinto
10%
312,116 Tanza
10%
118,471 Calumpit
9%
128,805 Consolacion
9%
172,433 General Mariano Alvarez
9%
135,074 Minglanilla
9%
145,581 Naic
8%
114,432 Plaridel
8%
141,235 Liloan
7%
155,115 Pandi
7%
135,795 Lubao
5%
No matching quizzes found
Score Distribution
Percent of People with Each Score
Percentile by Number Answered
Your Score History
You have not taken this quiz